Normal view
MARC view
Entry Personal Name
001 - CONTROL NUMBER
- control field: 639914
003 - CONTROL NUMBER IDENTIFIER
- control field: OSt
005 - DATE AND TIME OF LATEST TRANSACTION
- control field: 20221005131635.0
008 - FIXED-LENGTH DATA ELEMENTS
- fixed length control field: 221005|| aca||aabn | a|a d
040 ## - CATALOGING SOURCE
- Original cataloging agency: OSt
- Transcribing agency: OSt
100 ## - HEADING--PERSONAL NAME
- Personal name: Naduvathu mahan namboodiri
670 ## - SOURCE DATA FOUND
- Source citation: Work cat.: (OSt)1061003: Naduvathu mahan namboodiri, Sthara manjavi, 1936
